Un eslabón perdido La novela de los años cuarenta 1941 - 1949 Primer proyecto moderno en Colombia (Registro nro. 19575)
[ vista simple ]
| 000 -ENCABEZADO | |
|---|---|
| Número de control [NR] | 00804nam a2200217Ia 4500 |
| 008 - DE LONGITUD FIJA DE DATOS DE ELEMENTOS - INFORMACIÓN GENERAL | |
| Elementos de longitud fija [NR] | 130821s1994 ck gr spa |
| 040 ## - FUENTE DE CATALOGACION [NR] | |
| Agencia de catalogación original [NR] | Co-BoUCM |
| Idioma de catalogación [NR] | spa |
| 041 ## - CODIGO DE IDIOMA [R] | |
| Código de idioma para texto/pista de sonido o título separado [R] | Español |
| 100 ## - ASIENTO PRINCIPAL--NOMBRE PERSONAL [NR] | |
| Nombre personal [NR] | Forero VILLEGAS, M. Yolanda |
| ID Autoridad | 156364 |
| 245 ## - MENCION DE TITULO [NR] | |
| Título [NR] | Un eslabón perdido La novela de los años cuarenta 1941 - 1949 Primer proyecto moderno en Colombia |
| Mención de responsabilidad, etc. [NR] | M. Yolanda Forero Villegas |
| 260 ## - PUBLICACION, DISTRIBUCION, ETC. (PIE DE IMPRENTA) [R] | |
| Lugar de publicación, distribución, etc. [R] | Bogotá (Cundinamarca, Colombia) |
| Nombre del editor, distribuidor, etc. [R] | Kelly |
| Fecha de publicación, distribución, etc. [R] | 1994 |
| 300 ## - DESCRIPCION FISICA [R] | |
| Extensión [R] | 129 páginas |
| 504 ## - NOTA DE BIBLIOGRAFIA, ETC. [R] | |
| Nota de bibliografía, etc. [NR] | |
| 650 04 - ASIENTO SECUNDARIO DE MATERIA - TERMINO TEMATICO [R] | |
| Término temático o nombre geográfico como elemento de entrada [NR] | Historia y crítica |
| 9 (RLIN) | 7696 |
| 650 04 - ASIENTO SECUNDARIO DE MATERIA - TERMINO TEMATICO [R] | |
| Término temático o nombre geográfico como elemento de entrada [NR] | Literatura colombiana |
| 9 (RLIN) | 18629 |
| 650 04 - ASIENTO SECUNDARIO DE MATERIA - TERMINO TEMATICO [R] | |
| Término temático o nombre geográfico como elemento de entrada [NR] | Novela colombiana |
| 9 (RLIN) | 20483 |
| 650 04 - ASIENTO SECUNDARIO DE MATERIA - TERMINO TEMATICO [R] | |
| Término temático o nombre geográfico como elemento de entrada [NR] | Novela |
| 9 (RLIN) | 7878 |
| 650 04 - ASIENTO SECUNDARIO DE MATERIA - TERMINO TEMATICO [R] | |
| Término temático o nombre geográfico como elemento de entrada [NR] | Novela |
| Subdivisión general [R] | Historia y crítica |
| 9 (RLIN) | 7878 |
| 942 ## - ELEMENTOS DE ENTRADA AGREGADOS (KOHA) | |
| Tipo de ítem principal el descrito en 300a | Libro |
| Tema principal | Literatura |
| Edición | 1 |
| Prefijo de la signatura top. (colección) | Literatura - Colombia |
| Parte restante de la signatura top. | F67 |
| Sistema de clasificación | DEWEY |
| Clasificación | 863.44 |
| Fecha de último préstamo | Total préstamos | Total Renewals | Signatura topográfica | Código de barras | Última vez visto | Volúmen / Fascículo | Ejemplar | Price effective from | Tipo de ítem | Perdido | Sistema de clasificación | Dañado | No prestable | Tipo de ítem específico | Suprimido | Ubicación habitual | Ubicación actual | Localización | Fecha de creación | Forma de adquisición | Costo |
|---|---|---|---|---|---|---|---|---|---|---|---|---|---|---|---|---|---|---|---|---|---|
| 06/03/2020 | 1 | 1 | C 863.44 F67 | 100039599 | 11/12/2025 | 1996 | Ej.1 | 03/02/2013 | Libro | DEWEY | Libro | Quinta de Mutis | Quinta de Mutis | Mezanecs | 28/02/2003 | 1000.00 |